000 00343nam a2200157Ia 4500
003 0STCL
008 150530s9999 xx 000 0 und d
040 _aSTCL
_cSTCL
100 _aConway, B.L
245 4 _aThe condemnation of galileo
260 _c1913
546 _aEnglish
942 _2ddc
_cBK
999 _c5290
_d5290
005 20220125165410.0